[Event "Challenge"]
[Site "http://www.queenalice.com/game.php?id=871874"]
[Date "2010.12.14"]
[Round "-"]
[White "leorsantos"]
[Black "cristolifer"]
[Result "0-1"]
[WhiteElo "1151"]
[BlackElo "1562"]

1. e3 e5 2. Qf3 Nh6 3. Bc4 Qe7 4. Qe4 Qc5 5. d3 d5 6. Qxe5+ Be7 7. Qxd5 Qb4+ 8.
c3 Qd6 9. Nf3 Qxd5 10. Bxd5 O-O 11. Be4 c6 12. h4 f6 13. Na3 Nd7 14. g4 Ne5 15.
g5 f5 16. Nxe5 fxe4 17. g6 Bf5 18. gxh7+ Bxh7 19. dxe4 Bxe4 20. Rg1 Bf6 21. Nd7
Rad8 22. Nxf8 Bf3 23. Bd2 Rxf8 24. Rg3 Bxh4 25. Rxf3 Rxf3 26. Ke2 Rxf2+ 27. Kd3
Ng4 28. e4 c5 29. Nb5 Ne5+ 30. Kc2 c4 31. a4 Bg5 32. Rd1 a6 33. Nd6 Nf3 0-1

[Event "Challenge"]
[Site "http://www.queenalice.com/game.php?id=872048"]
[Date "2010.12.15"]
[Round "-"]
[White "leorsantos"]
[Black "cristolifer"]
[Result "0-1"]
[WhiteElo "1153"]
[BlackElo "1560"]

1. e3 e5 2. Qf3 f6 3. Bc4 Qe7 4. Qh5+ g6 5. Qh4 Qc5 6. Bb3 Nc6 7. Qc4 Na5 8.
Qf7+ Kd8 9. Nc3 Nxb3 10. axb3 b5 11. Qd5 Qxd5 12. Nxd5 Bb7 13. Nc3 Bxg2 14. Nce2
Bxh1 15. Ng3 Bd5 16. e4 Bc6 17. Ra5 Bb4 18. c3 Bxa5 0-1

[Event "try it"]
[Site "http://www.queenalice.com/game.php?id=879210"]
[Date "2010.12.30"]
[Round "-"]
[White "cristolifer"]
[Black "wind39"]
[Result "0-1"]
[WhiteElo "1564"]
[BlackElo "1602"]

1. e4 c5 2. c4 e6 3. Nc3 a6 4. Qa4 a5 5. d3 Bd6 6. Nb5 Qe7 7. Nh3 h6 8. Bf4 Bxf4
9. Nxf4 Na6 10. Nc7+ Nxc7 11. Be2 Nf6 12. Qa3 d6 13. Qc3 e5 14. Nd5 Nfxd5 15.
exd5 Qg5 16. g3 O-O 17. O-O Bh3 18. Rfe1 b5 19. Bf1 Bxf1 20. Rxf1 b4 21. Qd2
Qxd2 22. Rad1 Qxb2 23. Rfe1 Qxa2 24. Ra1 Qd2 25. Rad1 Qg5 26. h4 Qg4 27. Kg2 a4
28. Re4 Qxd1 0-1

[Event "Challenge"]
[Site "http://www.queenalice.com/game.php?id=886433"]
[Date "2011.1.15"]
[Round "-"]
[White "cristolifer"]
[Black "Olavio"]
[Result "0-1"]
[WhiteElo "1550"]
[BlackElo "1543"]

1. e4 e5 2. d4 c6 3. dxe5 Qa5+ 4. Nc3 Qxe5 5. Qf3 Nf6 6. Bf4 Qa5 7. e5 Nd5 8.
Bd2 Nb4 9. Bd3 Be7 10. a3 Qxe5+ 11. Nge2 Bd6 12. Bf4 Nxd3+ 13. cxd3 Qf6 14. Bxd6
Qxd6 15. Qe4+ Kd8 16. Qh4+ Kc7 17. Qf4 Qxf4 18. Nxf4 Na6 19. b4 d5 20. d4 Bf5
21. O-O Rae8 22. Rac1 Kb8 23. Nh5 Bd3 24. Nxg7 Re7 25. Rfe1 Rxe1+ 26. Rxe1 Rg8
27. Re8+ Rxe8 28. Nxe8 Bc2 29. Nd6 Kc7 30. Nxf7 Nb8 31. f3 Nd7 32. g4 Nb6 33. h4
Nc4 34. a4 Nd2 35. Kg2 Nb3 36. g5 Nxd4 37. h5 Ne6 38. f4 Nxf4+ 39. Kg3 Nxh5+ 40.
Kg4 Ng7 41. a5 d4 42. Ne2 d3 43. Nc3 d2 44. Nh8 Bg6 45. Nxg6 hxg6 46. Kg3 Ne6
47. Kg4 Nd4 48. Kg3 Ne2+ 49. Nxe2 d1=Q 50. Nf4 a6 51. Nxg6 Qd3+ 52. Kg4 Qxg6 53.
Kf4 Qd6+ 54. Kf5 Qxb4 55. g6 Qxa5+ 56. Kf6 Qa1+ 57. Kf7 Qf1+ 58. Kg7 Qf5 59. Kh7
b5 60. Kh6 Kd7 61. g7 Qf6+ 62. Kh7 Qf7 63. Kh6 Ke6 64. Kh7 Kf6 65. Kh6 Qg6# 0-1

[Event "Challenge"]
[Site "http://www.queenalice.com/game.php?id=904163"]
[Date "2011.2.22"]
[Round "-"]
[White "Olavio"]
[Black "cristolifer"]
[Result "0-1"]
[WhiteElo "1555"]
[BlackElo "1534"]

1. e4 e5 2. c3 d5 3. Qf3 Nf6 4. d3 Bg4 5. Qe3 b6 6. b4 dxe4 7. d4 exd4 8. Bb5+
c6 9. cxd4 cxb5 10. f3 Bxb4+ 11. Bd2 Bxd2+ 12. Nxd2 Bf5 13. fxe4 Bg4 14. Qg5
Qxd4 15. Rc1 h6 16. Qxb5+ Nbd7 17. Ne2 Qe3 18. Rf1 a6 19. Qc4 Ne5 20. Qc8+ Rxc8
21. Rxc8+ Ke7 22. Rf3 Nxf3+ 23. Nxf3 Rxc8 24. Kf1 Nxe4 25. Ne5 Qf2# 0-1

[Event "Challenge"]
[Site "http://www.queenalice.com/game.php?id=908643"]
[Date "2011.3.5"]
[Round "-"]
[White "Olavio"]
[Black "cristolifer"]
[Result "1-0"]
[WhiteElo "1565"]
[BlackElo "1551"]

1. e4 d5 2. Bd3 Nf6 3. c3 dxe4 4. Bxe4 Nxe4 5. Qa4+ Nc6 6. Qxe4 f5 7. Qf3 e6 8.
Ne2 Qg5 9. d4 Qg4 10. Qd3 Qxg2 11. Rg1 Qxh2 12. Bf4 Qh5 13. Nd2 b6 14. Qc4 Bd7
15. Nf3 a6 16. Ng5 Nd8 17. O-O-O Bb5 18. Qxc7 Qxe2 19. Rge1 Qc4 20. Qxb6 Qxa2
21. d5 Ba4 22. Rxe6+ Be7 23. Rxe7+ Kxe7 24. Re1+ Kd7 25. Qc7# 1-0

[Event "Challenge"]
[Site "http://www.queenalice.com/game.php?id=913859"]
[Date "2011.3.17"]
[Round "-"]
[White "cristolifer"]
[Black "Olavio"]
[Result "0-1"]
[WhiteElo "1538"]
[BlackElo "1611"]

1. e4 e5 2. Qf3 Nf6 3. Bc4 Qe7 4. b3 c5 5. h3 Qd6 6. d3 a6 7. b4 cxb4 8. Bb3 b5
9. a3 Qd4 10. Ra2 Nc6 11. Ne2 Qb6 12. a4 Be7 13. Bg5 Nd4 14. a5 Nxf3+ 15. gxf3
Qa7 16. Be3 Bc5 17. d4 Bxd4 18. Bxd4 exd4 19. e5 Nh5 20. Rg1 O-O 21. Rg5 g6 22.
Rg4 d6 23. exd6 Bxg4 24. hxg4 Nf6 25. Nf4 Qc5 26. Nd2 Rae8+ 27. Ne2 d3 28. cxd3
Qc1+ 29. Bd1 Rxe2+ 30. Kxe2 Re8+ 31. Ne4 Nxe4 32. dxe4 Qc4+ 33. Ke1 Qxa2 34. g5
Qa1 35. Kd2 Re6 36. d7 Rd6+ 37. Ke1 Qxd1# 0-1

[Event "Challenge"]
[Site "http://www.queenalice.com/game.php?id=917130"]
[Date "2011.3.25"]
[Round "-"]
[White "cristolifer"]
[Black "leorsantos"]
[Result "1-0"]
[WhiteElo "1514"]
[BlackElo "1135"]

1. d3 Nc6 2. e4 Nd4 3. Be3 Nb5 4. a4 Nd6 5. c4 Nf6 6. e5 Nxc4 7. dxc4 Ne4 8. Qf3
Nxf2 9. Bxf2 e6 10. c5 Qg5 11. Nc3 Bxc5 12. Bxc5 Qxe5+ 13. Be3 b6 14. Nge2 c6
15. Bf4 Qf5 16. Bd6 c5 17. Qxa8 Kd8 18. Nb5 Qd5 19. Bc7+ Ke7 20. Qb8 Qb7 21.
Bd6+ Kd8 22. Bc7+ Ke7 23. Bd6+ Kd8 24. Bc7+ Ke7 25. Bd6+ Kd8 26. Qxb7 Bxb7 27.
Nxa7 c4 28. Rc1 Bc6 29. Rxc4 Bb7 30. g3 Bxh1 31. Rc8# 1-0

[Event "Challenge"]
[Site "http://www.queenalice.com/game.php?id=921872"]
[Date "2011.4.4"]
[Round "-"]
[White "cristolifer"]
[Black "Olavio"]
[Result "0-1"]
[WhiteElo "1525"]
[BlackElo "1656"]

1. e4 e5 2. Nf3 Nc6 3. d4 exd4 4. Nxd4 Nxd4 5. Qxd4 d6 6. Qd5 Qf6 7. Bb5+ Bd7 8.
Bc4 g6 9. Bg5 c6 10. Bxf6 cxd5 11. Bxd5 Nxf6 12. Bxb7 Rb8 13. Ba6 Rxb2 14. Na3
d5 15. O-O Bxa3 16. Bd3 O-O 17. exd5 Nxd5 18. c4 Nf4 19. Be4 Re8 20. Rfe1 Bc5
21. g3 Nh3+ 22. Kg2 Nxf2 23. Bd5 Ne4+ 24. Kf1 Bh3# 0-1

[Event "Challenge"]
[Site "http://www.queenalice.com/game.php?id=924856"]
[Date "2011.4.11"]
[Round "-"]
[White "Olavio"]
[Black "cristolifer"]
[Result "1-0"]
[WhiteElo "1616"]
[BlackElo "1516"]

1. e4 d5 2. e5 e6 3. d4 Nc6 4. Bb5 a6 5. Bxc6+ bxc6 6. Nf3 c5 7. c4 dxc4 8. Qa4+
Qd7 9. Qxc4 cxd4 10. Nxd4 Rb8 11. Bd2 Rxb2 12. Bc3 Rb6 13. O-O c5 14. Nf3 Be7
15. Nbd2 Bb7 16. Rad1 Bd5 17. Qg4 g6 18. Nc4 h5 19. Qf4 Rb5 20. Nd6+ Bxd6 21.
exd6 Bxa2 22. Bxh8 Rb4 23. Qe5 Rd4 24. Nxd4 cxd4 25. Rxd4 a5 26. Rc1 Qb7 27. d7+
Kd8 28. Bf6+ Ne7 29. Bxe7+ Kxe7 30. d8=Q# 1-0

[Event "Challenge"]
[Site "http://www.queenalice.com/game.php?id=927644"]
[Date "2011.4.19"]
[Round "-"]
[White "cristolifer"]
[Black "Olavio"]
[Result "1-0"]
[WhiteElo "1504"]
[BlackElo "1686"]

1. e3 e5 2. d4 c6 3. dxe5 Qa5+ 4. Nc3 Qxe5 5. Nf3 Qa5 6. Qd4 Nf6 7. Qe5+ Qxe5 8.
Nxe5 d6 9. Nc4 b5 10. Na5 Be7 11. Be2 a6 12. O-O Be6 13. h3 Ra7 14. Bf3 d5 15.
a3 Bd8 16. Nb3 Nbd7 17. Nd4 Ne5 18. b3 c5 19. Nxe6 fxe6 20. a4 Ba5 21. Bb2 d4
22. exd4 cxd4 23. Ne2 Nxf3+ 24. gxf3 e5 25. axb5 axb5 26. b4 Bb6 27. Rxa7 Bxa7
28. Ra1 Bb8 29. Ra5 O-O 30. Rxb5 Nd7 31. f4 Rxf4 32. Nxf4 exf4 33. Rb7 d3 34.
cxd3 f3 35. Rxd7 Bf4 36. Rxg7+ Kf8 37. Rxh7 Bg5 38. b5 Bd8 39. Bd4 Kg8 40. Rg7+
Kf8 41. Rb7 Ke8 42. b6 Bxb6 43. Bxb6 Kf8 44. d4 Ke8 45. d5 1-0

[Event "Challenge"]
[Site "http://www.queenalice.com/game.php?id=940996"]
[Date "2011.5.21"]
[Round "-"]
[White "blackwolf"]
[Black "cristolifer"]
[Result "1-0"]
[WhiteElo "1863"]
[BlackElo "1527"]

1. d4 Nc6 2. Nf3 d5 3. Bf4 Bg4 4. Nc3 Bxf3 5. exf3 g6 6. Bb5 Qd7 7. O-O a6 8.
Bxc6 Qxc6 9. Qd2 Bg7 10. Bh6 Bxh6 11. Qd3 Qf6 12. Nxd5 Qd6 13. Qb3 b6 14. Rfe1
e6 15. Re2 b5 16. Rae1 Ne7 17. c4 Nxd5 18. cxd5 Qxd5 19. Qxd5 O-O 20. Qc6 Rfd8
21. d5 exd5 22. Re8+ Bf8 23. Rxd8 Rxd8 24. Re8 Rd6 25. Qxc7 Re6 26. Rxe6 fxe6
27. Qc6 Kf7 28. Qxa6 Kf6 29. Qxb5 Ke5 30. a4 Kd6 31. Qb4+ Ke5 32. Qxf8 h5 33.
Qg7+ Kf5 34. a5 e5 35. a6 d4 36. a7 d3 37. a8=Q d2 38. Qe4+ Kg5 39. h4# 1-0

[Event "Challenge"]
[Site "http://www.queenalice.com/game.php?id=940997"]
[Date "2011.5.21"]
[Round "-"]
[White "cristolifer"]
[Black "blackwolf"]
[Result "0-1"]
[WhiteElo "1524"]
[BlackElo "1866"]

1. e4 e5 2. d4 exd4 3. Qxd4 Nc6 4. Qd5 Nf6 5. Qf5 d5 6. Qf3 dxe4 7. Qb3 b6 8.
Bc4 Ne5 9. Bb5+ c6 10. Bf4 Bd6 11. Bxe5 Bxe5 12. Bxc6+ Bd7 13. Bxa8 Qxa8 14. Nd2
O-O 15. Nc4 Be6 16. Qb4 Bd4 17. Rd1 Bc5 18. Qb5 Qc8 19. Ne5 Qb8 20. Nc6 Qa8 21.
b4 Bd7 22. bxc5 Bxc6 23. Qc4 bxc5 24. Qxc5 e3 25. fxe3 Bxg2 26. Rd7 Nxd7 27. Qd4
Nf6 28. Ne2 Bxh1 29. Ng3 Bd5 30. Nf5 Bxa2 31. e4 Qxe4+ 32. Kd2 Qxd4+ 33. Nxd4
Rd8 34. c3 Rxd4+ 35. cxd4 a5 36. Kc3 a4 37. Kb2 Bb3 38. Ka3 Nd5 39. h3 f5 40.
Kb2 f4 41. h4 Kf7 42. h5 f3 43. h6 f2 44. hxg7 f1=Q 45. g8=Q+ Kxg8 46. Ka3 Qa1#
0-1

[Event "Challenge"]
[Site "http://www.queenalice.com/game.php?id=946488"]
[Date "2011.6.6"]
[Round "-"]
[White "cristolifer"]
[Black "Olavio"]
[Result "0-1"]
[WhiteElo "1522"]
[BlackElo "1654"]

1. e3 e5 2. Nc3 c6 3. Qh5 Nf6 4. Qxe5+ Be7 5. Ne4 Nxe4 6. Qxe4 d5 7. Qe5 O-O 8.
b3 Nd7 9. Qg3 Nf6 10. Bb2 Bd6 11. Bxf6 Qxf6 12. Qf3 Qxa1+ 13. Qd1 Qxa2 14. Bd3
Qa5 15. Qh5 g6 16. Qg5 Be6 17. h3 f6 18. Qh6 Rf7 19. h4 Bg4 20. f3 Bg3+ 21. Kf1
Qa1+ 22. Ke2 Qe1# 0-1

[Event "Challenge"]
[Site "http://www.queenalice.com/game.php?id=960451"]
[Date "2011.7.14"]
[Round "-"]
[White "Olavio"]
[Black "cristolifer"]
[Result "0-1"]
[WhiteElo "1659"]
[BlackElo "1477"]

1. e4 d5 2. c3 dxe4 3. Qa4+ c6 4. Qxe4 Nf6 5. Qd3 Qb6 6. Be2 h5 7. Nf3 Ng4 8.
Ng5 Qxf2+ 9. Kd1 Bf5 10. Qc4 e6 11. Rf1 Qc5 12. Qf4 Bd6 13. Qf3 Nxh2 14. Qe3
Qxe3 15. dxe3 Nxf1 16. Bxf1 h4 17. Bd2 Rh5 18. Nf3 Bg4 19. Be2 Rf5 20. Nxh4 Rg5
21. e4 Bxe2+ 22. Kxe2 Rg4 23. Be1 Rxe4+ 24. Kd2 Na6 25. Na3 Bf4+ 26. Kd3 Nc5+
27. Kc2 Re2+ 28. Kd1 Re3 29. Nc4 Rd8+ 30. Nd2 Re4 31. Nf3 g5 32. Kc2 g4 33. Nxe4
Nxe4 34. Nd4 c5 35. g3 Bxg3 36. Ne2 Bh2 37. Rd1 g3 38. Bd2 Rxd2+ 39. Rxd2 Nxd2
40. Kxd2 g2 41. Ke3 g1=Q+ 42. Nxg1 Bxg1+ 43. Ke4 f6 44. b4 f5+ 45. Ke5 Ke7 46.
a3 Bh2# 0-1

[Event "Challenge"]
[Site "http://www.queenalice.com/game.php?id=961550"]
[Date "2011.7.17"]
[Round "-"]
[White "doomedbr"]
[Black "cristolifer"]
[Result "1-0"]
[WhiteElo "2213"]
[BlackElo "1511"]

1. e4 d5 2. Nc3 Nf6 3. f3 dxe4 4. fxe4 Bg4 5. Be2 Bxe2 6. Qxe2 e5 7. d3 h5 8.
Bg5 Bc5 9. Nd5 Nbd7 10. Nf3 c6 11. Nxf6+ gxf6 12. Bh4 Qb6 13. a3 Qxb2 14. Qd1
Qc3+ 15. Nd2 Qd4 16. Nb3 Qe3+ 17. Qe2 Qxe2+ 18. Kxe2 Rg8 19. g3 O-O-O 20. Nxc5
Nxc5 21. Bxf6 Rd6 22. Bxe5 Re6 23. Bd4 b6 24. Rhf1 f6 25. Rf5 Na4 26. Rxf6 Rxf6
27. Bxf6 Rg6 28. e5 Nc3+ 29. Kd2 Nd5 30. Rf1 Kd7 31. c4 Nc7 32. Kc3 c5 33. a4
Ke6 34. Bd8 Ne8 35. d4 cxd4+ 36. Kxd4 Rg4+ 37. Kc3 Rg5 38. Bxg5 Kxe5 39. Re1+
Kf5 40. Rxe8 Kxg5 41. Ra8 a5 42. Ra6 Kg4 43. Rxb6 Kh3 44. Rb2 Kg4 45. c5 Kh3 46.
c6 Kg4 47. c7 Kh3 48. c8=Q# 1-0

[Event "Cristolifer vs Howl-3rd game"]
[Site "http://www.queenalice.com/game.php?id=973011"]
[Date "2011.8.16"]
[Round "-"]
[White "Howl"]
[Black "cristolifer"]
[Result "1-0"]
[WhiteElo "1944"]
[BlackElo "1500"]

1. d4 d5 2. c4 Nc6 3. e3 Nf6 4. Nc3 Bg4 5. Qa4 e6 6. Nge2 a6 7. g3 Bf3 8. Rg1 b5
9. cxb5 Nb4 10. bxa6+ c6 11. Nf4 Be4 12. Nxe4 Nxe4 13. a3 Rxa6 14. Bxa6 Qa8 15.
axb4 Bd6 16. h4 O-O 17. Bd3 Qb8 18. Bxe4 Qxb4+ 19. Qxb4 Bxb4+ 20. Bd2 Bxd2+ 21.
Kxd2 dxe4 22. Ra7 g6 23. Rga1 Kg7 24. Nxe6+ 1-0

[Event "Challenge"]
[Site "http://www.queenalice.com/game.php?id=981741"]
[Date "2011.9.5"]
[Round "-"]
[White "leorsantos"]
[Black "cristolifer"]
[Result "0-1"]
[WhiteElo "1143"]
[BlackElo "1500"]

1. Nc3 e6 2. Ne4 e5 3. Nf3 d5 4. Neg5 h6 5. Nh3 g5 6. Nxe5 Qe7 7. d4 f6 8. Nd3
Qd6 9. b4 Ne7 10. Nc5 Ng6 11. e3 b6 12. Bb5+ Bd7 13. Bxd7+ Nxd7 14. Qg4 bxc5 15.
bxc5 Qc6 16. Ba3 Qa4 17. c6 Qxc6 18. f4 Qc3+ 19. Kf2 Bxa3 20. fxg5 hxg5 21. Qe6+
Ne7 0-1